000 00409nam a2200169Ia 4500
008 230524s9999 xx 000 0 und d
020 _a8122416896
082 _a510
_bDAT
100 _aDebashis Datta
245 0 _aText Book of Engineering Mathematics
250 _a2ND
260 _aNEW DELHI
_bNAI
_c2005
300 _aXVI;919
500 _aQuantity Number: 15
650 _aMathematics
942 _cBK
999 _c35491
_d35491